|
|
|
|
| LEADER |
01026nam a2200229 a 4500 |
| 001 |
4700019 |
| 008 |
090611s1981 sw b 000 0 eng d |
| 010 |
|
|
|a \\\82109172
|
| 040 |
|
|
|a DLC
|c DLC
|d DLC
|
| 082 |
0 |
0 |
|a 338.9
|2 19
|
| 100 |
1 |
|
|a Elzinga, Aant,
|d 1937-
|
| 245 |
1 |
0 |
|a Evaluating the evaluation game :
|b on the methodology of project evaluation, with special reference to development cooperation /
|c Aant Elzinga.
|
| 260 |
|
|
|a Stockholm :
|b Swedish Agency for Research Cooperation with Developing Countries,
|c 1981.
|
| 300 |
|
|
|a 71 p. ;
|c 24 cm.
|
| 490 |
1 |
|
|a SAREC report,
|x 0348-2626 ;
|v R1:1981
|
| 504 |
|
|
|a Includes bibliographical references.
|
| 541 |
1 |
|
|e 00002887
|
| 650 |
|
0 |
|a Economic development projects
|x Evaluation.
|
| 830 |
|
0 |
|a SAREC report ;
|v 1981:R1.
|
| 852 |
4 |
|
|a Ayesha Abed Library
|j General shelf
|
| 999 |
|
|
|c 1300
|d 1300
|
| 952 |
|
|
|0 0
|1 4
|2 ddc
|4 0
|6 338_900000000000000_ELZ
|7 0
|9 1183
|a BRACUL
|b BRACUL
|c GEN
|d 2009-06-25
|g 0.00
|l 0
|o 338.9 ELZ
|p 3010002887
|r 2009-06-25
|t 1
|w 2009-06-25
|y BK
|x No price found in the accession register.
|